[Event "Innsbruck op-B 3rd"]
[Site "Innsbruck"]
[Date "2019.09.01"]
[Round "9"]
[White "Vardi, Shlomit"]
[Black "Reginato, Mauro"]
[Result "1/2-1/2"]
[WhiteElo "1925"]
[BlackElo "1876"]
[PlyCount "38"]
[EventDate "2019.08.25"]
[EventType "swiss"]
[EventRounds "9"]
[EventCountry "AUT"]
[SourceTitle "EXT 2020"]
[Source "ChessBase"]
[SourceDate "2019.10.17"]
[SourceVersion "1"]
[SourceVersionDate "2019.10.17"]
[SourceQuality "1"]

1. e4 c6 2. Ne2 d5 3. e5 Bg4 4. d4 e6 5. f3 Bf5 6. Be3 Qb6 7. b3 Nd7 8. g4 Bg6 9. Nf4 c5 10. c3 cxd4 11. cxd4 Bb4+ 12. Kf2 Rc8 13. Bd3 Qc7 14. Ne2 f6 15. a3 Be7 16. Bxg6+ hxg6 17. Nf4 Qc2+ 18. Nd2 Qxd1 19. Raxd1 Kf7 1/2-1/2

[Event "Innsbruck op-B 2nd"]
[Site "Innsbruck"]
[Date "2018.08.26"]
[Round "2"]
[White "Gehrke, Korbinian"]
[Black "Reginato, Mauro"]
[Result "0-1"]
[WhiteElo "1279"]
[BlackElo "1887"]
[PlyCount "128"]
[EventDate "2018.08.24"]
[EventType "swiss"]
[EventRounds "9"]
[EventCountry "AUT"]
[SourceTitle "CBM 186 Extra"]
[Source "ChessBase"]
[SourceDate "2018.08.24"]
[SourceVersion "1"]
[SourceVersionDate "2018.08.24"]
[SourceQuality "1"]

1. e4 e5 2. Nf3 Nc6 3. Nc3 Nf6 4. d4 exd4 5. Nxd4 Bb4 6. Nxc6 Bxc3+ 7. bxc3 bxc6 8. Bd3 h6 9. Bb2 d6 10. h3 Qe7 11. Qe2 0-0 12. 0-0 Re8 13. Rfe1 Qe5 14. Rad1 Rb8 15. Ba1 Qg5 16. Qe3 Nh5 17. Qxg5 hxg5 18. f3 Nf4 19. c4 Be6 20. g3 Ng6 21. Kg2 f6 22. Rd2 Ne5 23. Rdd1 Nxc4 24. Bc3 Nb6 25. Ra1 Kf7 26. g4 Bc4 27. Bxc4+ Nxc4 28. Bd4 c5 29. Bc3 Rh8 30. Rab1 Ne3+ 31. Kh2 Nxc2 32. Rxb8 Rxb8 33. Re2 Nd4 34. Rb2 Nc6 35. Rxb8 Nxb8 36. Ba5 Na6 37. Kg2 c6 38. Kf2 Nb4 39. a3 Nd3+ 40. Ke2 Nf4+ 41. Kd2 Nxh3 42. Bc7 Ke6 43. Bb8 a6 44. Bc7 Ng1 45. Ke3 Nh3 46. Ba5 Nf4 47. Bc3 Ng6 48. a4 Ne5 49. a5 d5 50. Ke2 dxe4 51. fxe4 Nxg4 52. Kf3 Ne5+ 53. Kg3 g6 54. Kf2 f5 55. Ke3 f4+ 56. Kf2 g4 57. Bd2 g5 58. Kg2 Nc4 59. Bc3 Nd6 60. Bb2 Nxe4 61. Bh8 c4 62. Bd4 Kd5 63. Bg7 f3+ 64. Kg1 g3 0-1

[Event "Bratto Gorgonzola op-B"]
[Site "Bratto"]
[Date "2006.08.25"]
[Round "6"]
[White "Milanesi, Erminio"]
[Black "Reginato, Mauro"]
[Result "1/2-1/2"]
[WhiteElo "1874"]
[BlackElo "1823"]
[PlyCount "65"]
[EventDate "2006.08.20"]
[EventType "swiss"]
[EventRounds "8"]
[EventCountry "ITA"]
[SourceTitle "EXT 2008"]
[Source "ChessBase"]
[SourceDate "2007.11.25"]
[SourceVersion "1"]
[SourceVersionDate "2007.11.25"]
[SourceQuality "1"]

1. e4 e5 2. Nf3 Nc6 3. Bc4 Bc5 4. d3 d6 5. Nc3 Nf6 6. a3 a6 7. Bg5 Be6 8. Nd5 h6 9. Bxf6 gxf6 10. Nh4 f5 11. Qh5 fxe4 12. dxe4 Nd4 13. 0-0-0 c6 14. Ne3 Bxc4 15. Nxc4 Qg5+ 16. Qxg5 hxg5 17. Nf5 Nxf5 18. exf5 0-0-0 19. b4 b5 20. bxc5 bxc4 21. cxd6 Kd7 22. Kb2 Rh4 23. Kc3 Rdh8 24. g3 Rxh2 25. Rxh2 Rxh2 26. Rd2 Rh6 27. Kxc4 Rxd6 28. Rxd6+ Kxd6 29. g4 f6 30. f3 c5 31. c3 Kc6 32. a4 Kd6 33. Kd3 1/2-1/2

[Event "Pedavena op-A 2nd"]
[Site "Pedavena"]
[Date "2006.08.04"]
[Round "6"]
[White "Reginato, Mauro"]
[Black "De Nardi, Riccardo"]
[Result "1/2-1/2"]
[WhiteElo "1823"]
[BlackElo "1973"]
[PlyCount "30"]
[EventDate "2006.08.01"]
[EventType "swiss"]
[EventRounds "7"]
[EventCountry "ITA"]
[SourceTitle "EXT 2023"]
[Source "ChessBase"]
[SourceDate "2022.10.05"]
[SourceVersion "1"]
[SourceVersionDate "2022.10.05"]
[SourceQuality "1"]

1. e4 c5 2. Nf3 d6 3. d4 cxd4 4. Nxd4 Nf6 5. Nc3 g6 6. Be2 Bg7 7. 0-0 0-0 8. Kh1 Nc6 9. Nb3 Be6 10. Bg5 Nd7 11. f4 Nb6 12. f5 Bc4 13. Rf3 Bxe2 14. Qxe2 Ne5 15. Rh3 h5 1/2-1/2

[Event "Pedavena op-A 2nd"]
[Site "Pedavena"]
[Date "2006.08.01"]
[Round "1"]
[White "Verducci, Gianni"]
[Black "Reginato, Mauro"]
[Result "1/2-1/2"]
[WhiteElo "2065"]
[BlackElo "1823"]
[PlyCount "70"]
[EventDate "2006.08.01"]
[EventType "swiss"]
[EventRounds "7"]
[EventCountry "ITA"]
[SourceTitle "EXT 2023"]
[Source "ChessBase"]
[SourceDate "2022.10.05"]
[SourceVersion "1"]
[SourceVersionDate "2022.10.05"]
[SourceQuality "1"]

1. e4 e5 2. Nf3 Nc6 3. Bb5 a6 4. Bxc6 dxc6 5. 0-0 Bg4 6. h3 Bxf3 7. Qxf3 Qd6 8. Na3 Qg6 9. Nc4 Bd6 10. c3 c5 11. d4 cxd4 12. cxd4 f6 13. Be3 Ne7 14. dxe5 fxe5 15. Nxd6+ Qxd6 16. Rfd1 Qf6 17. Qh5+ Ng6 18. Rac1 Qf7 19. Bc5 b6 20. Bb4 c5 21. Bc3 0-0 22. Rd2 Rad8 23. Rcd1 Rxd2 24. Rxd2 Qxa2 25. Bxe5 Qb1+ 26. Kh2 Qxe4 27. Bc3 Qf4+ 28. Kh1 Qe4 29. Qg5 Qf5 30. Qg3 Qf4 31. Rd7 Rf7 32. Rd8+ Rf8 33. Rd7 Rf7 34. Rd8+ Rf8 35. Rd7 Rf7 1/2-1/2

[Event "Treviso U2100 op"]
[Site "Treviso"]
[Date "2005.12.08"]
[Round "4.13"]
[White "Reginato, Mauro"]
[Black "Zanatta, Diego"]
[Result "1-0"]
[WhiteElo "1827"]
[BlackElo "1440"]
[PlyCount "53"]
[EventDate "2005.12.03"]
[EventType "swiss"]
[EventRounds "5"]
[EventCountry "ITA"]
[SourceTitle "EXT 2024"]
[Source "ChessBase"]
[SourceDate "2023.10.10"]
[SourceVersion "1"]
[SourceVersionDate "2023.10.10"]
[SourceQuality "1"]

1. e4 e5 2. Nf3 Nc6 3. Bb5 d6 4. d4 Bg4 5. d5 a6 6. Bxc6+ bxc6 7. dxc6 Ne7 8. Nc3 Nxc6 9. Be3 Nb4 10. Rc1 Be7 11. a3 Nc6 12. 0-0 0-0 13. b3 f5 14. Qd5+ Kh8 15. Qxc6 Bxf3 16. gxf3 f4 17. Bd2 Qc8 18. Nd5 Bh4 19. Kg2 Qe6 20. Rg1 Rac8 21. Ba5 Rf7 22. Rcd1 Qg6+ 23. Kf1 Qh5 24. Ke2 Bd8 25. Rg2 Bf6 26. Qxa6 g5 27. Qxc8+ 1-0

[Event "ITA-ch U20"]
[Site "Bratto"]
[Date "2005.08.21"]
[Round "2"]
[White "Reginato, Mauro"]
[Black "Andreoni, Giuseppe"]
[Result "1/2-1/2"]
[WhiteElo "1679"]
[BlackElo "1983"]
[PlyCount "47"]
[EventDate "2005.08.20"]
[EventType "swiss"]
[EventRounds "9"]
[EventCountry "ITA"]
[SourceTitle "EXT 2006"]
[Source "ChessBase"]
[SourceDate "2005.11.24"]
[SourceVersion "1"]
[SourceVersionDate "2005.11.24"]
[SourceQuality "1"]

1. e4 c5 2. Nf3 Nc6 3. d4 cxd4 4. Nxd4 Nf6 5. Nc3 e5 6. Nf3 Bb4 7. Bg5 h6 8. Bd2 d6 9. Bc4 0-0 10. Nd5 Bxd2+ 11. Nxd2 Be6 12. Nxf6+ Qxf6 13. 0-0 a6 14. c3 b5 15. Bxe6 fxe6 16. a4 b4 17. Nc4 Rfd8 18. a5 bxc3 19. bxc3 Rab8 20. Qa4 Rb5 21. Rab1 Rdb8 22. Nb6 Qd8 23. Rxb5 axb5 24. Qb3 1/2-1/2

[Event "ITA-ch U20 26th"]
[Site "Bratto"]
[Date "2003.08.28"]
[Round "8"]
[White "Bellemo, Davide"]
[Black "Reginato, Mauro"]
[Result "1-0"]
[WhiteElo "1618"]
[BlackElo "1453"]
[PlyCount "107"]
[EventDate "2003.08.21"]
[EventType "swiss"]
[EventRounds "9"]
[EventCountry "ITA"]
[SourceTitle "EXT 2007"]
[Source "ChessBase"]
[SourceDate "2006.11.23"]
[SourceVersion "1"]
[SourceVersionDate "2006.11.23"]
[SourceQuality "1"]

1. c4 Nf6 2. g3 e6 3. Bg2 d5 4. cxd5 exd5 5. Nf3 g6 6. 0-0 Bg7 7. Nc3 0-0 8. d4 c6 9. Re1 Bg4 10. h3 Bxf3 11. Bxf3 Nbd7 12. Bg2 Re8 13. Rb1 h6 14. b4 Nb6 15. b5 Re6 16. e3 Bf8 17. e4 dxe4 18. Nxe4 Nxe4 19. Rxe4 Rxe4 20. Bxe4 Rc8 21. Be3 Nd5 22. Qb3 Qd7 23. bxc6 bxc6 24. Bxd5 cxd5 25. Qb7 Rc7 26. Qb8 g5 27. Kg2 Kg7 28. Qb5 Qxb5 29. Rxb5 Rd7 30. Ra5 Kg6 31. Ra6+ f6 32. g4 Bd6 33. Ra5 Bb8 34. Rb5 Bf4 35. Bxf4 gxf4 36. Kf3 Rc7 37. Rxd5 Rc3+ 38. Kxf4 Ra3 39. f3 Rxa2 40. Rb5 a5 41. d5 a4 42. d6 Rd2 43. Ra5 Rxd6 44. Rxa4 Rd5 45. h4 h5 46. Re4 Rd3 47. g5 fxg5+ 48. hxg5 h4 49. Kg4 h3 50. Re6+ Kf7 51. Rh6 Rd1 52. Rxh3 Rd6 53. f4 Rd4 54. Rh6 1-0